| 000 | 00632nam a2200253Ia 4500 | ||
|---|---|---|---|
| 003 | OSt | ||
| 005 | 20221007070133.0 | ||
| 006 | a|||||r|||| 00| 0 | ||
| 007 | ta | ||
| 008 | 221006b |||||||| |||| 00| 0 eng d | ||
| 020 | _a9788189530334 | ||
| 024 | _a45,176 | ||
| 037 | _cTextual | ||
| 040 |
_aFLL _cFLL _beng |
||
| 041 |
_2eng _aeng |
||
| 082 | _aZ2,122, Q8 | ||
| 100 | _aDIWAN Paras | ||
| 245 | 0 | _aFamily law | |
| 250 | _a11th | ||
| 260 |
_afaridabad _bAllahabad law Agency India _c2018 |
||
| 300 |
_axlviii,604p. _ccm. |
||
| 942 |
_hZ2,122, Q8 _cTEXL _2CC |
||
| 999 |
_c1139521 _d1139521 |
||